000 00729nam a22002297a 4500
999 _c236
_d236
001 236
003 BD-JhCC
005 20171003132323.0
008 171003s2012 bg ||||| |||| 00| 0 ben d
020 _a9789844042506
035 _a(BD-JhCC)236
040 _aBD-JhCC
_dBD-JhCC
041 _aben
082 _a891.4409
_bDAT 2012
100 _aদত্ত, সুধীর কুমার
245 _aএনিমোর লিন্ডাবাগর্স সমুদ্রের দান /
_cসুধীর কুমার দত্ত
260 _aঢাকা :
_bঅনুপম প্রকাশনী,
_c2012
300 _a69 p. :
_c21 cm.
650 _aBengali literature
942 _2ddc
_cBK